000 00939nam a2200253Ia 4500
003 GCL
005 20240530104532.0
008 140319s9999 xx 000 0 ara d
040 _aGCL /
_cGCL
082 0 4 _a332.46062
_bم م
100 1 _aمحمود عبدالفضيل
245 1 0 _aالمجتمع والدولة فى الوطن العربى : فى ظل السياسات الراسمالية الجديدة - مصر /
_cمحمود عبدالفضيل ( واخ ... )
300 _a193 ص
490 _aالمجتمع والدولة فى الوطن العربى
_v0
650 0 4 _aالتنمية
650 0 4 _aالاقتصاد الراسمالى
650 0 4 _aالراسمالية
650 0 4 _aمصر - السياسة الاقتصادية
700 1 _aمحمد الخولى
700 1 _aاحمد ثابت
700 1 _aمحمود عبدالفضيل
700 1 _aيسرى مصطفى عبدالمجيد
942 _2ddc
_cBK
999 _c48428
_d48428